000 00563nam a2200217Ia 4500
003 OSt
005 20220928140719.0
006 a|||||r|||| 00| 0
007 ta
008 220927b |||||||| |||| 00| 0 eng d
024 _a11306
037 _cTextual
040 _aSDCL
_cSDCL
_beng
041 _2eng
_aeng
082 _aX:8xN09, L6
100 _aTarrant John J
_9497221
245 0 _aDrucker
_b Man who invented the corporate society
260 _c1976
942 _hX:8xN09, L6
_cTEXL
_2CC
999 _c813738
_d813738